=LDR 00000nam 2200000 4500 =001 INLIS000000000044531 =005 20131008110044 =008 ***********************************Ind** =035 ##$$0010-101300000002453 =041 ##$$a Ind =082 ##$$a 419 =090 ##$$a 419.1 , Han k =100 ##$$a Hanoun, Syarifah =245 ##$$a Kata Tugas Bahasa Aceh , Syarifah Hanoun =260 ##$$a 1992 $b jakarta =300 ##$$a 59 hlm , 21 cm =850 ##$$a NBPNMAT